A Barrier Against Liberalism? The Coalition Formation Process After the 2023 Slovak Parliamentary Elections
Tento článok je zameraný na proces vytvárania koalície, ktorý nasledoval bezprostredne po voľbách do Národnej rady Slovenskej republiky v roku 2023. V rámci budovania bariér ako špecifickej koaličnej stratégie práca analyzuje tak predvolebné, ako aj povolebné koaličné stratégie strán, ktoré uspeli v...
Guardado en:
| Autor principal: | |
|---|---|
| Formato: | Capítulo de libro |
| Lenguaje: | inglés |
| Materias: | |
| Etiquetas: |
Sin Etiquetas, Sea el primero en etiquetar este registro!
|
MARC
| LEADER | 00000naa a2200000 4500 | ||
|---|---|---|---|
| 001 | 0305234 | ||
| 005 | 20241121111900.2 | ||
| 041 | 0 | |a eng | |
| 044 | |a SK | ||
| 245 | 1 | 0 | |a A Barrier Against Liberalism? The Coalition Formation Process After the 2023 Slovak Parliamentary Elections |c Petr Just |
| 520 | |a Tento článok je zameraný na proces vytvárania koalície, ktorý nasledoval bezprostredne po voľbách do Národnej rady Slovenskej republiky v roku 2023. V rámci budovania bariér ako špecifickej koaličnej stratégie práca analyzuje tak predvolebné, ako aj povolebné koaličné stratégie strán, ktoré uspeli v parlamentných voľbách. Analyzuje faktory, ktoré tieto stratégie ovplyvňujú, ako aj faktory, ktoré ovplyvnili konečné zostavenie koalície. Spomenuté budú aj hlavné prekážky a výzvy, ktorým môže vytvorená koalícia v budúcnosti čeliť. Nakoniec sa článok zameriava na kľúčovú štiepnu líniu, ktorá je prítomná v slovenskej (a inej) politike v posledných rokoch: neliberalizmus vs. liberálna demokracia. | ||
| 610 | 2 | 0 | |a politika |
| 610 | 2 | 0 | |a voľby |
| 610 | 2 | 0 | |a liberalizmus |
| 610 | 2 | 0 | |a Slovensko |
| 100 | 1 | |a Just, Petr | |